000 00403nam a22001457a 4500
020 _qPB.
040 _cFIZZA ISHAQ
082 _a973.076
_bKRI
100 _a Dornbush , Krista
_9132169
245 _aKaplan AP U.S. History 2007 Edition /
_c Krista Dornbush.
250 _a2007 ED.
260 _aNEW YORK:
_bKaplan Publishing,
_c2007.
300 _a414 P. ;
_c10.8 x 8.4 x 1.2 inches
942 _2ddc
_cBK
999 _c615441
_d615441